000 00492nam a22001697a 4500
005 20251108164122.0
008 250721s1993 xx 000 0 ara d
082 1 4 _a210/يوس
100 1 _aالقرضاوي، يوسف
245 1 0 _aالحل الإسلامي فريضة و ضرورة /
264 1 _aالقاهرة :
_bمكتبة وهبة،
_c1993.
300 _a236 ص
490 0 _aحتمية الحل الإسلامي
650 1 7 _aالإسلام
942 _2ddc
_cBK
999 _c4071
_d4071